LIBRARY ONLINE CATALOGUE

Crime and criminology / (Record no. 3362)

MARC details
000 -LEADER
fixed length control field 00652cam a22002292 4500
001 - CONTROL NUMBER
control field 0000009081
005 - DATE AND TIME OF LATEST TRANSACTION
control field 20151217145846.0
008 - FIXED-LENGTH DATA ELEMENTS--GENERAL INFORMATION
fixed length control field 080824s xx 000 0 eng d
020 ## - INTERNATIONAL STANDARD BOOK NUMBER
International Standard Book Number 0195551563 :
Terms of availability KES 2938.60
040 ## - CATALOGING SOURCE
Original cataloging agency KABU
Transcribing agency KABU
100 1# - MAIN ENTRY--PERSONAL NAME
Personal name White, Rob.
-- 0000160053
245 10 - TITLE STATEMENT
Title Crime and criminology /
Statement of responsibility, etc. Rob White, Fiona Haines.
250 ## - EDITION STATEMENT
Edition statement 4th ed.
260 ## - PUBLICATION, DISTRIBUTION, ETC. (IMPRINT)
Place of publication, distribution, etc. Oxford :
Name of publisher, distributor, etc. O. U. P.,
Date of publication, distribution, etc. 2008.
300 ## - PHYSICAL DESCRIPTION
Extent viii, 229 p.
650 #0 - SUBJECT ADDED ENTRY--TOPICAL TERM
Topical term or geographic name as entry element Crime.
-- 0000153131
650 #0 - SUBJECT ADDED ENTRY--TOPICAL TERM
Topical term or geographic name as entry element Criminology.
-- 0000153132
700 1# - ADDED ENTRY--PERSONAL NAME
Personal name Haines, Fiona.
-- 0000160054
908 ## - PUT COMMAND PARAMETER (RLIN)
Put command parameter 080824
950 ## - LOCAL HOLDINGS (RLIN)
-- 1
Holdings
Withdrawn status Lost status Source of classification or shelving scheme Not for loan Home library Current library Date acquired Total Checkouts Full call number Barcode Date last seen Date last checked out Price effective from Koha item type Damaged status Total Renewals
    Library of Congress Classification   Kabarak, Main Campus Kabarak, Main Campus 17/12/2015 6 HV6018 .W45 2008 c. 2 012462 03/07/2023 15/06/2023 17/12/2015 General Collection    
  Lost Library of Congress Classification   Kabarak, Main Campus Kabarak, Main Campus 17/12/2015 1 HV6018 .W45 2008 c. 1 012461 22/01/2016 22/01/2016 17/12/2015 General Collection    
    Library of Congress Classification   Kabarak, Main Campus Kabarak, Main Campus 17/12/2015 3 HV6018 .W45 2008 c. 3 19888 15/12/2016 11/10/2016 17/12/2015 General Collection   1